000 00648nam a2200181Ia 4500
008 151202s9999||||xx |||||||||||||| ||und||
082 _bPNVM-71651
100 _aगोखले अंजली.
245 _aओळख अंतराळ विश्‍वाची.
260 _bपरी प्रकाशन कोल्हापूर.
260 _c71651
300 _a184
600 _aगोखले अंजली.
630 _aओळख अंतराळ विश्‍वाची.
700 _aगोखले अंजली.
730 _aओळख अंतराळ विश्‍वाची.
942 _cBOOK
999 _c1338323
_d1338320